Definitions in political economy.

Bibliographic Details
Main Author: Malthus, T. R. (Thomas Robert), 1766-1834
Format: Book
Language:English
Published: London : J. Murray, 1827.
Subjects:

MARC

Tag First Indicator Second Indicator Subfields
LEADER 00000cam a2200000 4500
001 in00000068493
005 20151008050215.0
008 760324r1827 enk 00000 eng
010 |a  05020477  
035 |a (OCoLC)02066049 
035 |9 AAG0028AM 
040 |a DLC  |c ROB  |d TXA  |d UtOrBLW 
049 |a TXAM  |c [268015] 
090 |a HB161  |b .M29 
092 |a 330  |b M261, 1827r 
100 1 |a Malthus, T. R.  |q (Thomas Robert),  |d 1766-1834. 
245 1 0 |a Definitions in political economy. 
264 1 |a London :  |b J. Murray,  |c 1827. 
300 |a viii, 261 pages ;  |c 20 cm. 
336 |a text  |b txt  |2 rdacontent 
337 |a unmediated  |b n  |2 rdamedia 
338 |a volume  |b nc  |2 rdacarrier 
500 |a Reprint. 
650 0 |a Economics. 
650 0 |a Political science. 
999 |a MARS 
999 f f |s 46b4bcc4-f53b-3305-bb40-75850fdf20d0  |i 86c0b2b1-0495-36ee-bed2-f99c25286157  |t 0 
952 f f |p ric  |a Texas A&M University  |b Rellis Campus  |c Joint Library Facility  |d Remote Storage  |t 0  |e HB161 .M29  |h Library of Congress classification  |i unmediated -- volume  |m A14800686536 
998 f f |a HB161 .M29  |t 0  |l Remote Storage